000 00642nam a22001697a 4500
003 OSt
005 20251215064355.0
008 251215b |||||||| |||| 00| 0 eng d
040 _aDWC-Main lib
_cOC
082 _aCirc. 621.4 M836 1953
100 _aMorse, F.
245 _aPower plant engineering :
_bthe theory and practice of stationary electric generating plants : adapted to MKS Units
_cMorse, Frederick T.
260 _aQuezon City :
_bKen Inc.,
_c c1953
300 _axii, 687 pages :
_b illustration ;
_c 22 cm.
504 _aIncludes index.
942 _2ddc
_cBK-CIRC
_hCirc. 621.4 M836 1953
_kCirc.
_n0
999 _c7080
_d7080